| 000 | 01343nam a22002777a 4500 | ||
|---|---|---|---|
| 005 | 20170410120822.0 | ||
| 008 | 140714b xxu||||| |||| 00| 0 Urdu d | ||
| 010 | _aUR-110 B-547975-978 B-665887 | ||
| 020 |
_a9789350732878 _c60.00 |
||
| 035 | _aU-110 B-547975-978 B-665887 | ||
| 037 | _bBPPD/Pub/Ven | ||
| 037 | _bPansy Books(Vend.)/Edu.Pub.House(Pub.) | ||
| 040 |
_aDPL _bUrdu |
||
| 082 | _a842 | ||
| 100 | _aآشا حشر کا شمير ی | ||
| 245 |
_aیہو د ی کی لڑ کی :ڈ ر ا مہ _cآشا حشر کا شمير ی |
||
| 246 |
_aYahudi ki Ladki(Darama) _bbyAgha Hashar Kashmiri |
||
| 260 |
_aد ھلی _bا يجو کيشنل پبليشنگ ہا ؤس _c2014 |
||
| 260 | _bPansy Books(Vender) | ||
| 270 |
_a3108،و کيل اسٹر يٹ ،کو چہ پنڈ ت ،لال کنو ا ن _bد ھلی _e110006 _k23216162،23214465 |
||
| 270 |
_aR2,/66/A Somesh Vihar,Chhawala _bNew Delhi _e110071 _k01125317355 |
||
| 300 |
_a95ص _c22Cm (Hb) |
||
| 942 |
_2ddc _cUR _e _h842 _mآ غ ا |
||
| 999 |
_c87340 _d87340 |
||